Alosaurio : (Registro nro. 30910)

Detalles MARC
000 -CABECERA
campo de control de longitud fija 00533nam a22001817a 4500
008 - CÓDIGOS DE INFORMACIÓN DE LONGITUD FIJA
fixed length control field 250123b |||a|||| |||| 00| 0 spa d
020 ## - NÚMERO INTERNACIONAL NORMALIZADO PARA LIBROS
ISBN 9788538064992
022 ## - NUMERO INTERNACIONAL NORMALIZADO PUBLICACIONES SERIADAS
Fuente
040 ## - Fuente de catalogación
Agencia original de catalogación CO-JMCR
Lenguaje de catalogación spa
Agencia de transcripción CO-JMCR
Agencia de modificación CO-JMCR
Convenciones de descripción rda
041 0# - CÓDIGO DE LENGUA
Código idioma spa
082 04 - NÚMERO DE LA CLASIFICACIÓN DECIMAL DEWEY
Número de clasificación Decimal 567.915
Número de documento (Cutter) A45i
110 ## - NOMBRE CORPORATIVO
Nombre de entidad corporativa Lexus
9 (RLIN) 43982
245 00 - TÍTULO PROPIAMENTE DICHO
Título Alosaurio :
Parte restante del título increíbles dinos /
Mención de responsabilidad, etc. ilustraciones Federico Combi.
264 01 - PRODUCCION, PUBLICACION, DISTRIBUCION, COPYRIGHT
Lugar de producción, publicación, distribución, etc Brasil:
Nombre del editor, productor, distribuidor, etc Lexus.
300 ## - DESCRIPCIÓN FÍSICA
Extensión 10 páginas sin numerar :
Otros detalles físicos ilustraciones ;
Dimensiones 20.
700 ## - AUTOR SECUNDARIO - PERSONA
Nombre de persona Combi, Federico
9 (RLIN) 43983
Existencias
Withdrawn status Lost status Source of classification or shelving scheme Damaged status Not for loan Collection code Home library Current library Shelving location Date acquired Source of acquisition Total Checkouts Full call number Barcode Date last seen Copy number Price effective from Koha item type
    Dewey Decimal Classification     Fiction Biblioteca Pública José María del Castillo y Rada Biblioteca Pública José María del Castillo y Rada Book Cart 01/15/2025 Donación   567.915 A45i 201812406 01/23/2025 Ej.1 01/23/2025 Books